000 00297nam a22001337a 4500
008 170213b xxu||||| |||| 00| 0 eng d
020 _a9780073374390
041 _aeng
080 _22ND
_a61
100 _a4
101 _aSHM
245 _aELECTRONIC HEALTH RECORDS
_cHAMILTON .R
942 _2udc
_cBK
999 _c5276
_d5276